000 01762nam0a22003851 4500
001 rc\2235694
005 20110826153846.4
035 _a(NLR Aleph) 006526578
090 _a6487851
_c6487851
100 _a20110826d1979 |||y0rusy50 ca
101 1 _arus
_akor
_ckor
102 _aRU
105 _ah z |||||
200 1 _aХунмин чоным. "Наставление народу о правильном произношении"
_e[Текст
_fАН СССР, Отд-ние истории, Ин-т востоковедения]
_gИсслед., пер. с ханмуна, примеч. и прил. Л.Р. Концевича
210 _aМосква
_cНаука
_d1979
215 _a460, 70 с.
_cфакс.
_d22
225 1 _aПамятники письменности Востока
_v58
300 _aТекст парал.: рус., ханмун.
300 _aРез. англ.
320 _aУказ. имен., назв. соч., реалий и терминов: с. 423-442
320 _aБиблиогр.: с. 351-420
517 0 _aНаставление народу о правильном произношении
606 _aКорейская письменность
_xПамятники
_xИстория
_2psbo
606 _aКорейская письменность
_xАлфавит
_2psbo
686 _aШ175.14-01,0
_2rubbk
702 1 _aКонцевич
_bЛ. Р.
_gЛев Рафаилович
_4730
_4212
712 0 2 _aМосковский институт востоковедения
_3RU\NLR\AUTH\8810000917
801 0 _aRU
_bNLR
_gpsbo
801 1 _aRU
_bELAR
_2rusmarc
852 _aNLR
_bОЛСАА
899 _aRuMoRGB
_jБ 65-62/78
899 _aRuMoRGB
_jБ 65-62/80
942 _cBOOK
980 _aNB